Alles mit A (mit Hinweisen) - Statistiken

Allgemein
  • Dieses Quiz wurde 255 mal gespielt
    218 seit der letzten Aktualisierung
  • Das Durchschnittsergebnis liegt bei 65 aus 100
Antwortstatistiken
Kategorie Hinweis Antwort % Korrekt
Hauptstädte Griechenland Athen
97%
Pflanzen & Tiere Blatt auf Kanadas Flagge Ahorn
96%
Hauptstädte Niederlande Amsterdam
96%
Länder Europa Andorra
94%
Sonstiges Abschluss am Gymnasium Abitur
93%
Pflanzen & Tiere Greifvogel Adler
93%
Hauptstädte Türkei Ankara
93%
Essen & Trinken Obst Apfel
93%
Pflanzen & Tiere Länglicher Fisch Aal
92%
Geografisches Allerlei Gebirge in Mitteleuropa Alpen
92%
Pflanzen & Tiere Fleißiges Insekt Ameise
92%
Sonstiges Klärt Dinge vor Gericht Anwalt
91%
Länder Afrika Algerien
90%
Länder Südamerika Argentinien
90%
Länder Asien Armenien
90%
Sonstiges Fliegt ins Weltall Astronaut
90%
Länder Europa Albanien
89%
Berühmte Personen Ehem. Bundeskanzlerin Angela Merkel
89%
Länder Afrika Angola
89%
Geografisches Allerlei Südpol Antarktis
89%
Länder Asien Aserbaidschan
89%
Weitere Städte Großstadt in Bayern Augsburg
89%
Länder Ozeanien Australien
89%
Geografisches Allerlei Nordpol Arktis
88%
Länder Afrika Äthiopien
86%
Geografisches Allerlei Gebirge in Südamerika Anden
85%
Sonstiges Gefäß für z.B. Goldfische Aquarium
85%
Geografisches Allerlei Einer der Weltmeere Atlantik
85%
Pflanzen & Tiere Primat Affe
84%
Länder Afrika Ägypten
84%
Geografisches Allerlei Fluss in Südamerika Amazonas
84%
Pflanzen & Tiere Große Schlange Anakonda
84%
Weitere Städte Großstadt in NRW Aachen
83%
Berühmte Personen Relativitätstheorie Albert Einstein
83%
Sonstiges Behandelt Krankheiten Arzt
83%
Pflanzen & Tiere Sieht aus wie ein Lama Alpaka
82%
Pflanzen & Tiere Singvogel Amsel
81%
Länder Nordamerika Antigua und Barbuda
80%
Länder Asien Afghanistan
78%
Berühmte Personen Berühmtes Tagebuch Anne Frank
78%
Sonstiges Erforscht und gräbt aus Archäologe
78%
Berühmte Personen Schwedische Autorin Astrid Lindgren
76%
Hauptstädte Vereinigte Arab. Emirate Abu Dhabi
75%
Hauptstädte Algerien Algier
75%
Sonstiges Verbotener Dämmstoff Asbest
71%
Geografisches Allerlei Vulkan in Italien Ätna
71%
Hauptstädte Andorra Andorra la Vella
70%
Länder Afrika Äquatorialguinea
70%
Pflanzen & Tiere Muschel Auster
70%
Pflanzen & Tiere Säugetier (frisst Insekten) Ameisenbär
68%
Sonstiges Schmerztablette Aspirin
68%
Geografisches Allerlei Nebenmeer des Mittelmeers Adria / Ägäis
66%
Weitere Städte Urlaubsort in der Türkei Alanya / Antalya
66%
Sonstiges Flugzeugbauer Airbus
65%
Essen & Trinken Obst Ananas
65%
Essen & Trinken Türkisches Joghurtgetränk Ayran
63%
Weitere Städte Belgische Hafenstadt Antwerpen
61%
Weitere Städte Hauptstadt von Texas Austin
60%
Geografisches Allerlei Mythisches Inselreich Atlantis
59%
Essen & Trinken Ofengericht (mit Käse) Auflauf
58%
Essen & Trinken Eine deutsche Cola Afri-Cola
57%
Weitere Städte Ägyptische Hafenstadt Alexandria
57%
Pflanzen & Tiere Reptil Alligator
57%
Sonstiges US-amerik. Technikkonzern Apple
56%
Hauptstädte Kasachstan Astana
56%
Geografisches Allerlei Inselgruppe im Atlantik Azoren
54%
Hauptstädte Äthiopien Addis Abeba
53%
Essen & Trinken Österreichische Limonade Almdudler
53%
Geografisches Allerlei Nordfriesische Insel Amrum
53%
Essen & Trinken Gemüse Aubergine
53%
Hauptstädte Jordanien Amman
52%
Weitere Städte Hafenstadt in Schottland Aberdeen
51%
Hauptstädte Ghana Accra
51%
Pflanzen & Tiere Gewürz- und Heilpflanze Anis
51%
Hauptstädte Paraguay Asunción
51%
Berühmte Personen 16. Präsident der USA Abraham Lincoln
50%
Pflanzen & Tiere Findet man in Kosmetika Aloe Vera
43%
Hauptstädte Madagaskar Antananarivo
43%
Essen & Trinken Obst Apfelsine
43%
Geografisches Allerlei Salzsee in Zentralasien Aralsee
42%
Pflanzen & Tiere Saft dient als Süßstoff Agave
41%
Essen & Trinken Gemüse / Obst Avocado
40%
Essen & Trinken Schweizer Bergkäse Appenzeller
39%
Weitere Städte Kriegsgebiet in Syrien Aleppo
38%
Essen & Trinken Obst Aprikose
38%
Hauptstädte Nigeria Abuja
36%
Berühmte Personen König von Makedonien Alexander der Große
35%
Berühmte Personen Schauspieler (Österreich) Arnold Schwarzenegger
35%
Geografisches Allerlei Gebirge in Nordafrika Atlas
34%
Hauptstädte Turkmenistan Aşgabat
33%
Hauptstädte Eritrea Asmara
29%
Essen & Trinken Türkischer Fleischspieß Adana Kebap
27%
Essen & Trinken Rötlicher Likör aus Italien Aperol
27%
Essen & Trinken Gebäck (mit Zuckerguss) Amerikaner
26%
Essen & Trinken Gemüse Artischocke
26%
Hauptstädte Samoa Apia
25%
Essen & Trinken Lebkuchen einer dt. Stadt Aachener Printen
23%
Essen & Trinken Fisch für Fischstäbchen Alaska-Seelachs
23%
Pflanzen & Tiere Schwanzlurch Axolotl
17%
Pflanzen & Tiere Säugetier (frisst Pflanzen) Antilope
16%
Keine übereinstimmenden Quizze gefunden
Verteilung der Resultate
Anzahl Personen mit jedem Resultat
Perzentil nach korrekt beantworteten Fragen
Ihre Resultats-Entwicklung
Sie haben dieses Quiz seit der letzten Aktualisierung nicht gespielt